Statistics for Can You Name The 5....

Click here to take the quiz!

General Stats

  • This quiz has been taken 94 times
  • The average score is 18 of 25

Answer Stats

HintAnswer% Correct
Olympic Ring ColourRed
100%
Olympic Ring ColourGreen
99%
Earliest US PresidentsWashington
99%
Olympic Ring ColourBlue
99%
Olympic Ring ColourYellow
98%
Olympic Ring ColourBlack
98%
Countries Bordering BulgariaRomania
87%
Biggest US City With No EChicago
87%
Biggest US City With No ESan Francisco
83%
Biggest US City With No EDallas
80%
Biggest US City With No EHouston
79%
Earliest US PresidentsJefferson
78%
First Books Of The BibleGenesis
77%
Countries Bordering BulgariaGreece
77%
Earliest US PresidentsAdams
77%
Countries Bordering BulgariaSerbia
72%
Countries Bordering BulgariaMacedonia
71%
Countries Bordering BulgariaTurkey
68%
First Books Of The BibleExodus
56%
First Books Of The BibleLeviticus
46%
Biggest US City With No ESan Antonio
46%
Earliest US PresidentsMadison
41%
Earliest US PresidentsMonroe
40%
First Books Of The BibleNumbers
39%
First Books Of The BibleDeuteronomy
36%

Score Distribution

Percentile by Number Answered

Percent of People with Each Score

Your Score History

You have not taken this quiz